Informatica, Diritto, Ambiente Tecnologie dell'informazione e diritto all'ambiente /

Bibliographic Details
Main Author: Fameli, Elio
Corporate Author: L'Istituto di Teoria e Tecniche dell'Informazione Giuridica
Other Authors: Cammelli, Antonio
Format: Unknown
Language:Italian
Published: Firenze : ITTIG, 1997
Online Access:Acceso restringido

MARC

LEADER 00000ny a22000003n 4500
005 2011052702072.0
008 070714s1997 it s 000 0 ita d
020 |a 8881146134 
035 |a 2171 
040 |a UMA.RE  |d vLex 
080 |a 349.6(0.034):004 
090 |c 320  |d 320 
100 1 |a Fameli, Elio 
245 1 0 |a Informatica, Diritto, Ambiente  |h [Recurso electrn̤ico]  |b Tecnologie dell'informazione e diritto all'ambiente /  |c Elio Fameli, Antonio Cammelli 
256 |a Servicio en ln̕ea 
260 |a Firenze :  |b ITTIG,  |c 1997 
506 1 |a Contenido solo disponible en los productos indicados  |d vLex Global  |d vLex Global (Academic Edition, excluding Law Schools)  |d vLex Global (U.S. Academic Edition, Law Schools)  |d vLex Global (U.S. Academic Edition, excluding Law Schools)  |d vLex Global (Academic Edition, Law Schools) 
700 1 |a Cammelli, Antonio 
710 2 |a L'Istituto di Teoria e Tecniche dell'Informazione Giuridica 
740 0 |a vLex Libros (Servicios en ln̕ea) 
856 4 0 |z Acceso restringido  |u http://vlex.com/source/2171 
942 |c BOOK 
999 0 |a Law   |b Italy